Normal view MARC view
  • Makaran, Gaya

Entry Nombre Personal

Number of records used in: 1

001 - NUMERO DE CONTROL

  • campo de control: 47784

003 - IDENTIFICADOR DE NUMERO DE CONTROL

  • campo de control: DLC

005 - FECHA Y HORA DE LA ÜLTIMA TRANSACCIÓN

  • campo de control: 20230210113559.0

008 - DATOS DE LONGITUD FIJA

  • campo de control de longitud fija: 130328n| azannaabn |n aaa

010 ## - NÚMERO DE CONTROL DE LA BIBLIOTECA DEL CONGRESO

  • Número de control LC: n 2013016866

040 ## - FUENTE DE CATALOGACIÓN

  • Agencia original de catalogación: DLC
  • Lenguaje de catalogación: spa
  • Agencia de transcripción: DLC
  • Description conventions: rda
  • Agencia que lo modifica: DLC
  • Agencia que lo modifica: MX-MxUPN

100 1# - ENCABEZAMIENTO - NOMBRE PERSONAL

  • Nombre personal: Makaran, Gaya

370 ## - LUGAR ASOCIADO

  • Other associated place: Ciudad de México (México)
  • Other associated place: Warsaw (Polonia)
  • Fuente del término: naf

371 ## - DIRECCIÓN

  • Electronic mail address: makarangaya@gmail.com

372 ## - CAMPO DE ACTIVIDAD

  • Field of activity: Humanidades

372 ## - CAMPO DE ACTIVIDAD

  • Field of activity: Latin American studies
  • Fuente del término: unbist

373 ## - GRUPO ASOCIADO

  • Associated group: Universidad Nacional Autónoma de México. Centro de Investigaciones sobre América Latina y el Caribe
  • Associated group: Uniwersytet Warszawski
  • Fuente del término: naf

374 ## - OCUPACIÓN

  • Occupation: Investigadora

377 ## - LENGUA ASOCIADA

  • Language code: spa

670 ## - FUENTE EN LA QUE SE LOCALIZARON DATOS

  • Cita de la fuente: Coloquio Internacional "Bolivia contemporánea" (1st : 2009 : Centro de Investigacionses sobre América Latina y el Caribe, Universidad Nacional Autónoma de México). Perfil de Bolivia (1940-2009), 2011:
  • Información localizada: portada (Gaya Makaran) solapa (investigadora, CIALC, UNAM [Centro de Investigaciones sobre América Latina y el Caribe, Universidad Nacional Autónoma de México])

670 ## - FUENTE EN LA QUE SE LOCALIZARON DATOS

  • Cita de la fuente: Piel blanca, máscaras negras, 2020:
  • Información localizada: portada (Gaya Makaran) solapa (doctorante en humanidades y maestra en Estudios latinoamericanos por la Univ. de Varsovia, Polonia; mail: makarangaya@gmail.com)

670 ## - FUENTE EN LA QUE SE LOCALIZARON DATOS

  • Cita de la fuente: ¿Estado-nación o Estado plural? : pueblos indígenas y el Estado en América Latina (siglo XXI), 2017
  • Información localizada: portada (Gaya Makaran)

902 ## - CATALOGADOR

  • Catalogador: Víctor Ruiz/100223